000 008550000a22002650004500
003 LK-CoMWRAF
005 20230826072817.0
008 230817t2005 ||||| |||| 00| 0 eng d
020 _a9050310915
040 _aLK-CoMWRAF
_dLK-CoMWRAF
_eLK-CoMWRAF
041 _aeng
082 _bDEA
_a305.8
245 _aDealing with Diversity
_b:Sri Lankan Discourses on Peace and Conflict
250 _a2nd ed.
260 _aClingendael
_bNetherlands Institute of International Relations '
_c2004
300 _axxi, 320 p. ; 22 cm.
_bBibliography included
650 _aETHNIC CONFLICT-SRI LANKA
650 _aCulture conflict--Sri Lanka
650 _aTamil (Indic people)--Ethnic identity--Sri Lanka.
650 _aMuslims--Sri Lanka.
650 _aPeace-building--Sri Lanka
700 _aGeorg Frerks
_eed.
700 _aBart Klem
_eed.
942 _cBK
999 _c1609
_d1609